000 00593nam a2200181Ia 4500
005 20260429112236.0
008 260429s9999||||xx |||||||||||||| ||und||
020 _a9789389127959
041 _aHindi
082 _a891.430
_bCHO
100 _aचौहान, कर्ण सिंह
245 0 _aएक समीक्षक की डायरी /
_cकर्ण सिंह चौहान
250 _a1st ed.
260 _aनई दिल्ली :
_bप्रकाशन संस्थान,
_c2023.
300 _a200 p.; Hb
650 _aHindi Literature
942 _cTB
999 _c53080
_d53080